El problema universitario

Guardat en:
Dades bibliogràfiques
Autor principal: Aranguren, José Luis (Autor)
Format: Llibre
Idioma:espanyol
Publicat: Barcelona Nova Terra 1968
Col·lecció:Colección debate universitario, 1
Matèries:
Etiquetes: Afegir etiqueta
Sense etiquetes, Sigues el primer a etiquetar aquest registre!

MARC

LEADER 00000nam a2200000 a 4500
001 UCW6949
003 CL-VaPUC
008 920723e19680000SP |||||||||||||||||spa|d
082 0 4 |a 378  |b ARA  |2 21 
100 |a Aranguren, José Luis  |e author  |9 576609 
245 1 3 |a El problema universitario 
300 |a 33 p 
942 |c BK 
945 |d 19920723 00:00:00 
260 |a Barcelona  |b Nova Terra  |c 1968 
650 0 |a Educación superior   |9 223851 
583 |a last modification  |c 19920723 00:00:00  |k Rodrigo Vera 
490 0 |a Colección debate universitario, 1 
999 |c 219844  |d 219842 
952 |0 0  |1 0  |4 0  |6 378_000000000000000_ARA_1968  |7 0  |8 P  |9 211239  |a BIBEDU  |b BIBEDU  |c BIBEDU_PB  |d 2019-11-15  |i 2794888  |o 378 ARA 1968  |p 2794888  |r 2024-01-25  |w 2019-11-15  |y BK  |k EDU